Системы управления летательных аппаратов: тематический сборник научных трудов; Вып. 5

Xehetasun bibliografikoak
Erakunde egilea: Харьковский авиационный институт
Beste egile batzuk: Брехин Н. И. (редактор)
Gaia:Посв. 50-летию Харьковского авиационного института им. Н. Е. Жуковского
Hizkuntza:errusiera
Argitaratua: Харьков, Изд-во ХАИ, 1979
Gaiak:
Formatua: Liburua
KOHA link:https://koha.lib.tpu.ru/cgi-bin/koha/opac-detail.pl?biblionumber=330289

MARC

LEADER 00000nam0a2200000 4500
001 330289
005 20231102004239.0
035 |a (RuTPU)RU\TPU\book\356063 
035 |a RU\TPU\book\356062 
090 |a 330289 
100 |a 20170331d1979 k y0rusy50 ca 
101 0 |a rus 
102 |a RU 
105 |a a z 011zy 
200 1 |a Системы управления летательных аппаратов  |h Вып. 5  |e тематический сборник научных трудов  |f Харьковский авиационный институт ; отв. ред. Н. И. Брехин 
210 |a Харьков  |c Изд-во ХАИ  |d 1979 
215 |a 139 с.  |c ил. 
300 |a Посв. 50-летию Харьковского авиационного института им. Н. Е. Жуковского 
305 |a Изд. выходит с 1972 г. 
320 |a Библиогр. в конце ст. 
606 1 |a Летательные аппараты  |x Автоматическое управление  |x Информационно-измерительные системы  |2 stltpush  |3 (RuTPU)RU\TPU\subj\40061  |9 59936 
610 1 |a системы управления 
610 1 |a информационно-измерительные системы 
610 1 |a вычислительные системы 
610 1 |a точность 
610 1 |a живучесть 
610 1 |a надежность 
675 |a 629.73.05-52  |v 4 
702 1 |a Брехин  |b Н. И.  |4 340 
712 0 2 |a Харьковский авиационный институт  |2 stltpush  |3 (RuTPU)RU\TPU\col\7321  |9 24307 
801 1 |a RU  |b 63413507  |c 20170331 
801 2 |a RU  |b 63413507  |c 20170413  |g RCR 
942 |c BK